02019 a2200205 45000010006000000050017000060080041000230030015000640400040000790800033001192450029001520200022001812500012002032640036002153000023002515051373002741000018016477000029016658560119016941464320260407155448.0260407a2000 arg spa dAR-UNSa-BCEJYS aAR-UNSa-BCEJYSbspacAR-UNSa-BCEJYS a330.101.541xMacroeconomía10aCurso de macroeconomía a978-84-85855-93-3 a2a. ed. 1aBarcelona :bAntoni Boschc2000 axi, 643 p.c24 cm. a1. Macroeconomía: conceptos e instrumentos - 2. Magnitudes macroeconómicas básicas - 3. Introducción y supuestos del modelo - 4. Un modelo sencillo de determinación del nivel de renta: el modelo renta-gasto - 5. La demanda de consumo - 6. La demanda de inversión - 7. El equilibrio en el mercado de bienes: la curva IS - 8. La demanda de dinero - 9. El Sistema Monetario y la oferta de dinero - 10. El equilibrio en los mercados financieros: la curva LM - 11. El modelo IS-LM: el equilibrio del nivel de renta, la política monetaria y la política fiscal - 12. Introducción del nivel de precios en el modelo IS-LM: la curva de demanda agregada - 13. El mercado de trabajo y la oferta agregada en el modelo keynesiano - 14. El modelo keynesiano completo. El papel de la política económica - 15 .El modelo clásico - 16. La inflación: causas y efectos - 17. La relación entre inflación y desempleo - 18. Nueva Macroeconomía Clásica y Nueva Macroeconomía Keynesiana - 19.Introducción a la macroeconomía de una economía abierta - 20. La determinación del nivel de renta en la economía abierta - 21. El ajuste de la balanza de pagos - 22. La política monetaria y la política fiscal en la economía abierta - 23. La oferta agregada y la economía abierta - 24. Algunos desarrollos recientes de la teoría macroeconómica1 aBajo, Óscar1 aMonés, María Antonia41uhttps://biblioeco.unsa.edu.ar/pmb/images/libros/Curso de Macroeconomia2-l118948.jpgyImagen de portadaqimage/jpeg